[Event "Europa ch Femenino 2013"]
[Site "Belgrado SER"]
[Date "2013.07.26"]
[Round "4.3"]
[White "Savina, Anastasia"]
[Black "Mkrtchian, Lilit"]
[Result "1/2-1/2"]
[WhiteElo "2368"]
[BlackElo "2454"]
[PlyCount "50"]
[EventDate "2013.07.23"]
[EventType "swiss"]
[EventRounds "11"]
[EventCountry "SER"]
[Source "lmi"]
[SourceDate "2013.07.22"]

1. d4 d5 2. c4 c6 3. Nf3 Nf6 4. Nc3 dxc4 5. a4 Bf5 6. e3 e6 7. Bxc4 Bb4 8. O-O
Nbd7 9. Qe2 O-O 10. e4 Bg6 11. Bd3 c5 12. Na2 Ba5 13. Bg5 Qb6 14. Rab1 c4 15.
Bc2 h6 16. Bh4 Rac8 17. Nc3 Bb4 18. Rfd1 Qa5 19. Na2 Be7 20. Nc3 Bb4 21. h3
Rfe8 22. Na2 Be7 23. Nc3 Bb4 24. Na2 Be7 25. Nc3 Bb4 1/2-1/2

[Event "Europa ch Femenino 2013"]
[Site "Belgrado SER"]
[Date "2013.07.26"]
[Round "4.4"]
[White "Schleining, Zoya"]
[Black "Khurtsidze, Nino"]
[Result "0-1"]
[WhiteElo "2368"]
[BlackElo "2443"]
[PlyCount "78"]
[EventDate "2013.07.23"]
[EventType "swiss"]
[EventRounds "11"]
[EventCountry "SER"]
[Source "lmi"]
[SourceDate "2013.07.22"]

1. d4 Nf6 2. c4 e6 3. Nf3 d5 4. Nc3 Bb4 5. cxd5 exd5 6. Bg5 Nbd7 7. e3 c5 8.
Be2 c4 9. Nd2 Nb6 10. Qc2 h6 11. Bh4 O-O 12. f3 Re8 13. Bf2 Bd7 14. g4 Re6 15.
a3 Bxc3 16. bxc3 Ba4 17. Qc1 Qe7 18. O-O h5 19. h3 Bc6 20. Re1 Ne8 21. Nf1 Nd6
22. Ng3 hxg4 23. hxg4 Rf8 24. Bf1 f5 25. gxf5 Nxf5 26. Nxf5 Rxf5 27. Bg2 Rg6
28. Kf1 Qg5 29. Bh1 Qh5 30. Ke2 Rgf6 31. Kd2 Rxf3 32. Bxf3 Rxf3 33. Re2 Nd7 34.
Qh1 Qf5 35. e4 Rd3+ 36. Kc2 dxe4 37. Qh4 Ba4+ 38. Kb1 Qb5+ 39. Rb2 Rd1+ 0-1

[Event "Europa ch Femenino 2013"]
[Site "Belgrado SER"]
[Date "2013.07.26"]
[Round "4.5"]
[White "Bodnaruk, Anastasia"]
[Black "Daulyte, Deimante"]
[Result "0-1"]
[WhiteElo "2440"]
[BlackElo "2363"]
[PlyCount "134"]
[EventDate "2013.07.23"]
[EventType "swiss"]
[EventRounds "11"]
[EventCountry "SER"]
[Source "lmi"]
[SourceDate "2013.07.22"]

1. e4 c5 2. Nf3 Nc6 3. Nc3 g6 4. d4 cxd4 5. Nxd4 Bg7 6. Be3 Nf6 7. Bc4 O-O 8.
Bb3 d6 9. f3 Bd7 10. Qd2 Nxd4 11. Bxd4 b5 12. O-O a5 13. a4 b4 14. Nd5 Nxd5 15.
exd5 Bxd4+ 16. Qxd4 Qc7 17. Rfe1 Rfe8 18. Re2 Qa7 19. Rd1 Qxd4+ 20. Rxd4 Rac8
21. Kf2 Kg7 22. g4 h6 23. Ke1 Kf8 24. Kd2 Rc5 25. Kd1 Rec8 26. Rde4 Re8 27.
R2e3 Rc7 28. h4 Rc5 29. Kd2 Rc7 30. h5 gxh5 31. gxh5 f5 32. Rd4 Kf7 33. Re1 Rg8
34. Ke3 Rg2 35. Rdd1 Rc8 36. Rh1 Kf6 37. Kf4 Be8 38. Rhg1 Rxg1 39. Rxg1 Bf7 40.
Ke3 Rg8 41. Rxg8 Bxg8 42. Kd4 Bf7 43. Kc4 Be8 44. c3 bxc3 45. Kxc3 Ke5 46. Kc4
Bxh5 47. Bd1 f4 48. Kb5 Bf7 49. Kxa5 Bxd5 50. Kb6 h5 51. Be2 h4 52. Bf1 Be6 53.
b4 h3 54. b5 h2 55. Bg2 d5 56. Kc7 d4 57. b6 Bd5 58. a5 d3 59. a6 d2 60. b7
Bxb7 61. axb7 d1=Q 62. b8=Q Qd6+ 63. Kc8 Qxb8+ 64. Kxb8 Kd4 65. Kc7 Ke3 66. Kc6
Kf2 67. Bh1 Kg1 0-1

[Event "Europa ch Femenino 2013"]
[Site "Belgrado SER"]
[Date "2013.07.26"]
[Round "4.7"]
[White "Girya, Olga"]
[Black "Kursova, Maria"]
[Result "1/2-1/2"]
[WhiteElo "2437"]
[BlackElo "2351"]
[PlyCount "94"]
[EventDate "2013.07.23"]
[EventType "swiss"]
[EventRounds "11"]
[EventCountry "SER"]
[Source "lmi"]
[SourceDate "2013.07.22"]

1. d4 Nf6 2. c4 e6 3. Nf3 b6 4. g3 Ba6 5. Qa4 Bb7 6. Bg2 c5 7. dxc5 bxc5 8. O-O
Be7 9. Nc3 Qb6 10. Rd1 O-O 11. Bf4 Rd8 12. Rd2 d6 13. Rad1 h6 14. Qb3 Ne8 15.
e4 Qxb3 16. axb3 Rc8 17. e5 dxe5 18. Nxe5 Bxg2 19. Kxg2 Nf6 20. g4 Nc6 21. Nxc6
Rxc6 22. f3 Rb6 23. Nb5 a6 24. Ra1 Rd8 25. Rxd8+ Bxd8 26. Na7 Rxb3 27. Nc6
Rxb2+ 28. Kg3 Bb6 29. Rxa6 Rb3 30. Kg2 Nd7 31. Ra8+ Kh7 32. Re8 e5 33. Bxe5
Nxe5 34. Nxe5 Bc7 35. Nxf7 Rb2+ 36. Kf1 Bxh2 37. Re4 Rb1+ 38. Ke2 Bg1 39. f4
Bd4 40. f5 Rb2+ 41. Kf3 Rb3+ 42. Ke2 Rb2+ 43. Kd3 Rb3+ 44. Kd2 Rb2+ 45. Kd3
Rb3+ 46. Ke2 Rb2+ 47. Kf3 Rb3+ 1/2-1/2

[Event "Europa ch Femenino 2013"]
[Site "Belgrado SER"]
[Date "2013.07.26"]
[Round "4.8"]
[White "Guramishvili, Sopiko"]
[Black "Kashlinskaya, Alina"]
[Result "1/2-1/2"]
[WhiteElo "2421"]
[BlackElo "2334"]
[PlyCount "116"]
[EventDate "2013.07.23"]
[EventType "swiss"]
[EventRounds "11"]
[EventCountry "SER"]
[Source "lmi"]
[SourceDate "2013.07.22"]

1. c4 Nf6 2. g3 e5 3. Bg2 Nc6 4. Nc3 Bc5 5. a3 a6 6. e3 O-O 7. Nge2 d6 8. O-O
Ba7 9. h3 Re8 10. d3 Rb8 11. b4 Be6 12. Nd5 Bxd5 13. cxd5 Ne7 14. Nc3 Qd7 15.
Bd2 h5 16. Rc1 c6 17. dxc6 bxc6 18. Ne4 Nxe4 19. dxe4 h4 20. gxh4 d5 21. Qg4
Qd6 22. Rfd1 d4 23. exd4 Bxd4 24. Bc3 Ng6 25. Bf1 Re6 26. h5 Rf6 27. Bxd4 exd4
28. Qg3 Nf4 29. Rc5 Re8 30. Rg5 Kh8 31. Rxg7 d3 32. Rg4 Rd8 33. Bxd3 Qe5 34.
Bf1 Nxh3+ 35. Qxh3 Rxd1 36. Rg3 Rd8 37. Qh4 Qd4 38. Rg2 Rg8 39. Rxg8+ Kxg8 40.
Qg3+ Kh8 41. Qb8+ Kh7 42. Qg3 Qd1 43. e5 Re6 44. Qd3+ Qxd3 45. Bxd3+ Kh6 46.
Bxa6 Rxe5 47. Bb7 c5 48. bxc5 Rxc5 49. a4 Kxh5 50. Kf1 Rc1+ 51. Ke2 Ra1 52. Bc6
Ra2+ 53. Ke3 Kg5 54. f3 f5 55. Kd4 Rc2 56. Kd5 Kf4 57. Kd6 Ra2 58. Kc7 Rxa4
1/2-1/2

[Event "Europa ch Femenino 2013"]
[Site "Belgrado SER"]
[Date "2013.07.26"]
[Round "4.9"]
[White "Lomineishvili, Maia"]
[Black "Matnadze, Ana"]
[Result "1-0"]
[WhiteElo "2351"]
[BlackElo "2412"]
[PlyCount "207"]
[EventDate "2013.07.23"]
[EventType "swiss"]
[EventRounds "11"]
[EventCountry "SER"]
[Source "lmi"]
[SourceDate "2013.07.22"]

1. d4 Nf6 2. c4 e6 3. Nc3 d6 4. Nf3 g6 5. e4 Bg7 6. Bd3 O-O 7. O-O Nfd7 8. Bg5
f6 9. Be3 a6 10. Qd2 c5 11. Rad1 Qe7 12. Rfe1 cxd4 13. Nxd4 Ne5 14. Bf1 Re8 15.
Nb3 Bf8 16. f4 Ng4 17. Bb6 Qg7 18. h3 Nh6 19. Kh1 Nc6 20. a4 Nf7 21. a5 g5 22.
g3 Ne7 23. Bg2 h5 24. c5 dxc5 25. Nxc5 Nc6 26. N3a4 Kh8 27. Rf1 Be7 28. e5 fxe5
29. fxg5 Nxg5 30. Qe2 Qg6 31. Nd7 e4 32. Be3 Bxd7 33. Rxd7 Nf3 34. Bxf3 exf3
35. Rxf3 Rf8 36. Bf4 Rad8 37. Nb6 Rf5 38. Re3 Nd4 39. Rxd8+ Bxd8 40. Qd3 Qg7
41. Nc4 Bf6 42. Rxe6 Qd7 43. Rd6 Qb5 44. Rxd4 Bxd4 45. Qxd4+ Kh7 46. Kg2 Qc6+
47. Kf2 Rc5 48. b3 Rd5 49. Qe4+ Kg8 50. Ke2 Rxa5 51. Qxc6 Ra2+ 52. Kd3 bxc6 53.
Ne5 a5 54. Nxc6 a4 55. b4 Rh2 56. b5 a3 57. Be5 Rh1 58. Kc2 a2 59. Nb4 Rb1 60.
Nxa2 Rxb5 61. Bf4 Rd5 62. Nb4 Rd7 63. Nd3 Ra7 64. Kd2 Kf7 65. Ke3 Ra4 66. Be5
Kg6 67. Bd6 Ra6 68. Bc5 Kg5 69. Nf4 Ra4 70. Be7+ Kf5 71. Kf3 Ra7 72. Bc5 Ra5
73. Be3 Kf6 74. Bd4+ Kg5 75. h4+ Kh6 76. Bf6 Ra3+ 77. Kg2 Ra2+ 78. Kh3 Ra5 79.
Bg5+ Kg7 80. Nxh5+ Kg6 81. Kg4 Kh7 82. Nf4 Rb5 83. h5 Ra5 84. Kh4 Rb5 85. g4
Rb3 86. Bf6 Rb4 87. Nd5 Rb5 88. Ne3 Rb3 89. Nf5 Rb4 90. Kg5 Ra4 91. Be5 Re4 92.
Bd4 Kg8 93. Kh4 Rf4 94. Kg3 Rf1 95. Bf2 Rh1 96. Nh4 Ra1 97. g5 Ra4 98. Nf5 Ra5
99. Kf4 Ra2 100. Bd4 Rh2 101. Nh6+ Kh7 102. Ng4 Rh1 103. g6+ Kg8 104. Nh6+ 1-0

[Event "Europa ch Femenino 2013"]
[Site "Belgrado SER"]
[Date "2013.07.26"]
[Round "4.10"]
[White "Cramling, Pia"]
[Black "Mammadova, Gulnar"]
[Result "1-0"]
[WhiteElo "2523"]
[BlackElo "2322"]
[PlyCount "167"]
[EventDate "2013.07.23"]
[EventType "swiss"]
[EventRounds "11"]
[EventCountry "SER"]
[Source "lmi"]
[SourceDate "2013.07.22"]

1. Nf3 d5 2. c4 c6 3. g3 Nf6 4. Bg2 e6 5. b3 Bd6 6. Bb2 O-O 7. O-O Qe7 8. d4
Nbd7 9. Nc3 b6 10. Re1 Ba3 11. Qc1 Bxb2 12. Qxb2 Bb7 13. Rad1 Rfd8 14. Nd2 h6
15. e4 dxe4 16. Ndxe4 Nxe4 17. Nxe4 Nf6 18. c5 Nxe4 19. Bxe4 bxc5 20. Qa3 Qd6
21. Qxc5 Rd7 22. b4 Rad8 23. Bf3 Qe7 24. Kg2 Qf6 25. Re5 Qe7 26. a3 Qxc5 27.
Rxc5 Rxd4 28. Rxd4 Rxd4 29. b5 Kf8 30. bxc6 Bc8 31. Ra5 a6 32. Be2 Rd6 33. Bxa6
Rxc6 34. Bxc8 Rxc8 35. h4 h5 36. Rxh5 Rc3 37. Ra5 g6 38. g4 Kg7 39. a4 e5 40.
f3 Ra3 41. Kf2 Kf6 42. Ra6+ Kg7 43. a5 Kg8 44. Ra7 Kf8 45. g5 Ra4 46. a6 Ra3
47. Ke2 Kg8 48. Kd2 Kg7 49. Kc2 Ra4 50. Kb3 Ra1 51. Kb4 Rb1+ 52. Kc5 Ra1 53.
Kd5 Ra5+ 54. Kd6 Kf8 55. Ra8+ Kg7 56. Kc6 Ra3 57. Kb7 Rb3+ 58. Ka7 Rxf3 59. Re8
f6 60. Re7+ Kf8 61. Rc7 Rb3 62. gxf6 e4 63. Rb7 Ra3 64. Re7 e3 65. Kb6 Rb3+ 66.
Kc5 Ra3 67. Kb5 Kg8 68. Kb6 Rb3+ 69. Kc6 Ra3 70. Kb6 Rb3+ 71. Kc6 Ra3 72. Kb7
Rb3+ 73. Ka8 Rb6 74. a7 Rb3 75. Rg7+ Kf8 76. Rxg6 Kf7 77. Rg2 Kxf6 78. h5 Rb1
79. h6 Rh1 80. Re2 Rb1 81. Rxe3 Kg6 82. Re6+ Kh7 83. Re7+ Kxh6 84. Rb7 1-0

[Event "Europa ch Femenino 2013"]
[Site "Belgrado SER"]
[Date "2013.07.26"]
[Round "4.11"]
[White "Muzychuk, Anna"]
[Black "Galojan, Lilit"]
[Result "1-0"]
[WhiteElo "2594"]
[BlackElo "2320"]
[PlyCount "81"]
[EventDate "2013.07.23"]
[EventType "swiss"]
[EventRounds "11"]
[EventCountry "SER"]
[Source "lmi"]
[SourceDate "2013.07.22"]

1. e4 c5 2. Nf3 e6 3. d4 cxd4 4. Nxd4 Nc6 5. Nc3 Qc7 6. Be3 a6 7. Qd2 Nf6 8.
O-O-O Be7 9. f3 b5 10. g4 Nxd4 11. Bxd4 Bb7 12. g5 Nh5 13. h4 O-O 14. Bh3 Nf4
15. Be3 Nxh3 16. Qxd7 Rac8 17. Rxh3 Rfd8 18. Qxc7 Rxd1+ 19. Nxd1 Rxc7 20. Nf2
f6 21. Rh1 Kf7 22. Nd3 Bc8 23. Rg1 Bf8 24. Kd2 Bd7 25. b4 e5 26. Bc5 Be6 27.
Bxf8 Kxf8 28. Nc5 Bc4 29. a3 a5 30. h5 Ke7 31. g6 hxg6 32. hxg6 axb4 33. axb4
Ra7 34. Rh1 Ra3 35. Rh7 Rxf3 36. Rxg7+ Kf8 37. Rb7 Kg8 38. Nd7 Bf1 39. Nb6 Rg3
40. Nd5 Kh8 41. Rh7+ 1-0

[Event "Europa ch Femenino 2013"]
[Site "Belgrado SER"]
[Date "2013.07.26"]
[Round "4.12"]
[White "Tarasova, Viktoriya"]
[Black "Dzagnidze, Nana"]
[Result "0-1"]
[WhiteElo "2300"]
[BlackElo "2558"]
[PlyCount "68"]
[EventDate "2013.07.23"]
[EventType "swiss"]
[EventRounds "11"]
[EventCountry "SER"]
[Source "lmi"]
[SourceDate "2013.07.22"]

1. d4 Nf6 2. c4 e6 3. Nc3 Bb4 4. Nf3 b6 5. e3 Bb7 6. Bd3 O-O 7. O-O d5 8. cxd5
exd5 9. a3 Bd6 10. b4 Nbd7 11. Qb3 Re8 12. b5 Ne4 13. a4 Ndf6 14. Ba3 Qe7 15.
Bxd6 cxd6 16. h3 Rac8 17. Na2 g5 18. Bxe4 dxe4 19. Nd2 Bd5 20. Qb2 Bxa2 21.
Qxa2 Rc3 22. Rfc1 Rec8 23. Rxc3 Rxc3 24. a5 Kg7 25. axb6 axb6 26. Qb2 Qc7 27.
Ra7 Rc1+ 28. Kh2 Qc2 29. Qa2 d5 30. Qa3 Qd1 31. Qe7 Qg1+ 32. Kg3 Nh5+ 33. Kg4
Qxg2+ 34. Kf5 Qxf2+ 0-1

[Event "Europa ch Femenino 2013"]
[Site "Belgrado SER"]
[Date "2013.07.26"]
[Round "4.1"]
[White "Gunina, Valentina"]
[Black "Molchanova, Tatjana"]
[Result "1-0"]
[WhiteElo "2507"]
[BlackElo "2296"]
[PlyCount "117"]
[EventDate "2013.07.23"]
[EventType "swiss"]
[EventRounds "11"]
[EventCountry "SER"]
[Source "lmi"]
[SourceDate "2013.07.22"]

1. d4 d5 2. c4 dxc4 3. Nf3 a6 4. a4 Nf6 5. e3 Bg4 6. Bxc4 e6 7. O-O Nc6 8. h3
Bh5 9. Nbd2 Bd6 10. Be2 O-O 11. Nc4 Bb4 12. Bd2 Bxd2 13. Qxd2 Qe7 14. Rfc1 Nb4
15. Nce5 Ne4 16. Qd1 c5 17. dxc5 Nxc5 18. Nd4 Bxe2 19. Qxe2 Nd5 20. Qc4 Nd7 21.
Nd3 N7f6 22. Rc2 h6 23. Rac1 Rfd8 24. a5 Ne8 25. Qb3 Nd6 26. Nc5 Rab8 27. g3
Qf6 28. Qa4 e5 29. Ne2 Nb5 30. Qe4 Qe7 31. Nd3 f6 32. g4 Qf7 33. Ng3 Nd6 34.
Qa4 Ne7 35. Nc5 Ng6 36. Rd2 Nh4 37. Qd1 Qe7 38. Rd5 Nf7 39. Nf5 Nxf5 40. gxf5
Rbc8 41. b4 e4 42. Rxd8+ Rxd8 43. Qg4 Ng5 44. h4 h5 45. Qxh5 Nf3+ 46. Kg2 Qe5
47. Rh1 Rd5 48. Qg4 Qxf5 49. Qxf5 Rxf5 50. Nxe4 Ne5 51. Ng3 Rf3 52. Rd1 Kf7 53.
Rd5 Rxg3+ 54. Kxg3 Ke6 55. Rd4 f5 56. b5 axb5 57. Rb4 g6 58. Rxb5 Nc6 59. Kf4
1-0

[Event "Europa ch Femenino 2013"]
[Site "Belgrado SER"]
[Date "2013.07.26"]
[Round "4.2"]
[White "Rakic, Marija"]
[Black "Kosteniuk, Alexandra"]
[Result "0-1"]
[WhiteElo "2294"]
[BlackElo "2489"]
[PlyCount "60"]
[EventDate "2013.07.23"]
[EventType "swiss"]
[EventRounds "11"]
[EventCountry "SER"]
[Source "lmi"]
[SourceDate "2013.07.22"]

1. d4 Nf6 2. c4 e6 3. Nc3 Bb4 4. Nf3 O-O 5. Bg5 c5 6. d5 exd5 7. cxd5 d6 8. a3
Ba5 9. e3 Qb6 10. Qd2 Ne4 11. Qc2 Re8 12. Rc1 Bf5 13. Bd3 c4 14. Bxe4 Bxe4 15.
Qd2 Nd7 16. O-O Nc5 17. Qd4 Bd3 18. Qg4 Qxb2 19. Bf6 Bg6 20. Bd4 Nb3 21. Rb1
Qc2 22. Nb5 Rad8 23. Bxa7 Qe4 24. Qg5 h6 25. Qg3 Qxd5 26. Nbd4 Bxb1 27. Rxb1 b6
28. Nxb3 cxb3 29. Nd4 b2 30. h4 Qa2 0-1

[Event "Europa ch Femenino 2013"]
[Site "Belgrado SER"]
[Date "2013.07.26"]
[Round "4.4"]
[White "Javakhishvili, Lela"]
[Black "Schut, Lisa"]
[Result "1-0"]
[WhiteElo "2465"]
[BlackElo "2277"]
[PlyCount "101"]
[EventDate "2013.07.23"]
[EventType "swiss"]
[EventRounds "11"]
[EventCountry "SER"]
[Source "lmi"]
[SourceDate "2013.07.22"]

1. d4 Nf6 2. c4 g6 3. Nf3 Bg7 4. g3 d5 5. cxd5 Nxd5 6. Bg2 O-O 7. O-O c5 8. e4
Nf6 9. e5 Nfd7 10. d5 Nxe5 11. Nxe5 Bxe5 12. Re1 Nd7 13. Nd2 Re8 14. Qc2 Bg7
15. Ne4 Ne5 16. Nxc5 Bg4 17. Qe4 Rc8 18. Bf4 Nf3+ 19. Bxf3 Bxf3 20. Qxf3 Rxc5
21. Rad1 Rc2 22. Qe4 Rc8 23. Bg5 f6 24. Qe6+ Kh8 25. Bf4 g5 26. Bd2 Qd6 27. Qe4
Qa6 28. Bc3 Rc4 29. Qf5 Qb5 30. Qd3 Rc5 31. Qe4 Rcc8 32. Qe6 Rcd8 33. Qf7 Rf8
34. Qe6 Rd7 35. d6 exd6 36. Rxd6 Rxd6 37. Qxd6 Re8 38. Rd1 Qf5 39. Qd7 Qe4 40.
Re1 Qxe1+ 41. Bxe1 Rxe1+ 42. Kg2 Bf8 43. Qxb7 Re7 44. Qc8 Kg7 45. Kf3 Re5 46.
Qc7+ Re7 47. Qb8 a5 48. a3 Re5 49. b4 axb4 50. axb4 g4+ 51. Kxg4 1-0

[Event "Europa ch Femenino 2013"]
[Site "Belgrado SER"]
[Date "2013.07.26"]
[Round "4.5"]
[White "Zakurdjaeva, Irina"]
[Black "Socko, Monika"]
[Result "0-1"]
[WhiteElo "2291"]
[BlackElo "2435"]
[PlyCount "84"]
[EventDate "2013.07.23"]
[EventType "swiss"]
[EventRounds "11"]
[EventCountry "SER"]
[Source "lmi"]
[SourceDate "2013.07.22"]

1. e4 c5 2. Nf3 e6 3. d4 cxd4 4. Nxd4 a6 5. Bd3 Nf6 6. O-O Qc7 7. Nc3 Nc6 8.
Nb3 Be7 9. f4 d6 10. a4 b6 11. Be3 O-O 12. Kh1 Bb7 13. Qe2 Nb4 14. a5 bxa5 15.
Nxa5 Bc8 16. Nc4 Nxd3 17. cxd3 Rb8 18. e5 Nd5 19. Bd4 Nxc3 20. bxc3 d5 21. Ne3
Bc5 22. f5 Bxd4 23. cxd4 exf5 24. Rac1 Qd8 25. Nxf5 Bxf5 26. Rxf5 Rb6 27. Qa2
Qd7 28. Rf2 Rc8 29. Rxc8+ Qxc8 30. h3 Qd7 31. Rc2 h6 32. Rc5 Qf5 33. Qd2 Qf1+
34. Kh2 Rb1 35. Rxd5 Re1 36. e6 Qg1+ 37. Kg3 Re3+ 38. Kh4 Rxe6 39. Rd8+ Kh7 40.
Kg3 Rg6+ 41. Kf4 Qf1+ 42. Ke4 Re6+ 0-1

[Event "Europa ch Femenino 2013"]
[Site "Belgrado SER"]
[Date "2013.07.26"]
[Round "4.6"]
[White "Atalik, Ekaterina"]
[Black "Mamedjarova, Zeinab"]
[Result "1/2-1/2"]
[WhiteElo "2430"]
[BlackElo "2256"]
[PlyCount "103"]
[EventDate "2013.07.23"]
[EventType "swiss"]
[EventRounds "11"]
[EventCountry "SER"]
[Source "lmi"]
[SourceDate "2013.07.22"]

1. d4 Nf6 2. c4 c5 3. d5 e6 4. Nc3 exd5 5. cxd5 d6 6. Nf3 g6 7. Bf4 a6 8. Nd2
b5 9. a4 b4 10. Nce4 Nxe4 11. Nxe4 Bf5 12. Nd2 Be7 13. e4 Bc8 14. Nc4 O-O 15.
Bd3 f5 16. exf5 Bxf5 17. Bh6 Bxd3 18. Qxd3 Rf5 19. O-O Nd7 20. g4 Rf7 21. f4
Nb6 22. Ne3 Bf6 23. a5 Nd7 24. Nc4 Bd4+ 25. Kh1 Nf6 26. Bg5 Qf8 27. Qf3 Re8 28.
Rae1 Rfe7 29. Rxe7 Qxe7 30. f5 gxf5 31. Bxf6 Qxf6 32. Qxf5 Qxf5 33. gxf5 Re2
34. f6 Bxb2 35. Nxd6 Be5 36. Nc4 b3 37. Rb1 Rxh2+ 38. Kg1 Rh5 39. Rxb3 Bxf6 40.
Rb6 Bd8 41. Rxa6 Rxd5 42. Ra8 Kf7 43. a6 Ke7 44. Ra7+ Ke6 45. Rxh7 Rd1+ 46. Kf2
Ra1 47. a7 Kd5 48. Ne3+ Ke4 49. Nc4 Kd5 50. Ne3+ Ke4 51. Nc4 Kd5 52. Ne3+
1/2-1/2

[Event "Europa ch Femenino 2013"]
[Site "Belgrado SER"]
[Date "2013.07.26"]
[Round "4.7"]
[White "Olsarova, Karolina"]
[Black "Zawadzka, Jolanta"]
[Result "1/2-1/2"]
[WhiteElo "2246"]
[BlackElo "2393"]
[PlyCount "92"]
[EventDate "2013.07.23"]
[EventType "swiss"]
[EventRounds "11"]
[EventCountry "SER"]
[Source "lmi"]
[SourceDate "2013.07.22"]

1. e4 c5 2. Nf3 e6 3. d4 cxd4 4. Nxd4 Nc6 5. Nb5 d6 6. c4 a6 7. N5c3 Nf6 8. Be2
Be7 9. Be3 Qc7 10. O-O O-O 11. Na3 b6 12. Rc1 Ne5 13. f3 Bb7 14. Qd2 Rac8 15.
Rfd1 Rfd8 16. Bf1 Ned7 17. Nc2 Qb8 18. Bf4 Ne5 19. b3 d5 20. exd5 exd5 21. cxd5
Nxd5 22. Nxd5 Rxd5 23. Qe2 Rxd1 24. Qxd1 Bc5+ 25. Be3 Bd6 26. Nd4 Rd8 27. Qc2
Ng6 28. h3 Bc5 29. Nf5 Bxe3+ 30. Nxe3 Qf4 31. Re1 h5 32. Qf2 b5 33. Rd1 Rxd1
34. Nxd1 Qc1 35. Qd4 Nf4 36. Qd8+ Kh7 37. Kh2 Bd5 38. Qd6 g5 39. Bd3+ Nxd3 40.
Qxd5 Qf4+ 41. Kg1 Nb4 42. Qc5 h4 43. Nf2 Nxa2 44. Qc2+ f5 45. Qxa2 Qc1+ 46. Kh2
Qf4+ 1/2-1/2

[Event "Europa ch Femenino 2013"]
[Site "Belgrado SER"]
[Date "2013.07.26"]
[Round "4.8"]
[White "Bronnikova, Elizaveta"]
[Black "Melamed, Tatjana"]
[Result "1-0"]
[WhiteElo "2245"]
[BlackElo "2384"]
[PlyCount "69"]
[EventDate "2013.07.23"]
[EventType "swiss"]
[EventRounds "11"]
[EventCountry "SER"]
[Source "lmi"]
[SourceDate "2013.07.22"]

1. e4 c5 2. Nf3 d6 3. d4 cxd4 4. Nxd4 Nf6 5. Nc3 a6 6. Bg5 e6 7. f4 Be7 8. Qe2
h6 9. Bxf6 Bxf6 10. O-O-O Qc7 11. g4 Nc6 12. Nxc6 bxc6 13. Qd3 Be7 14. h4 Rb8
15. Be2 d5 16. Qg3 Bb4 17. e5 Qa5 18. Rh3 Bd7 19. a3 Be7 20. Rf1 Rxb2 21. Kxb2
Qxa3+ 22. Kb1 O-O 23. Nxd5 Rb8+ 24. Qb3 Rxb3+ 25. Rxb3 Qc5 26. Nxe7+ Qxe7 27.
Rb8+ Kh7 28. Bxa6 Qa3 29. Bd3+ g6 30. Rb7 Be8 31. h5 c5 32. hxg6+ Kg7 33. gxf7
Bxf7 34. f5 Kg8 35. Rb8+ 1-0

[Event "Europa ch Femenino 2013"]
[Site "Belgrado SER"]
[Date "2013.07.26"]
[Round "4.9"]
[White "Shadrina, Tatiana"]
[Black "Styazhkina, Anna"]
[Result "0-1"]
[WhiteElo "2377"]
[BlackElo "2242"]
[PlyCount "106"]
[EventDate "2013.07.23"]
[EventType "swiss"]
[EventRounds "11"]
[EventCountry "SER"]
[Source "lmi"]
[SourceDate "2013.07.22"]

1. e4 e5 2. Nf3 Nc6 3. Bb5 a6 4. Ba4 Nf6 5. O-O b5 6. Bb3 Bb7 7. Re1 Bc5 8. c3
d6 9. d4 Bb6 10. a3 h6 11. h3 O-O 12. Be3 exd4 13. cxd4 Na5 14. d5 Nxb3 15.
Qxb3 Ba5 16. Bd2 c5 17. dxc6 Bxc6 18. Bxa5 Qxa5 19. Nc3 Rfe8 20. Nd2 Rad8 21.
Qc2 d5 22. e5 Nd7 23. f4 Qb6+ 24. Kh1 Nf8 25. Nf3 d4 26. Ne4 d3 27. Qc3 Ne6 28.
f5 Bxe4 29. Rxe4 Nc5 30. Rg4 h5 31. Rd4 Rxd4 32. Qxd4 Rd8 33. Qe3 Na4 34. Qg5
f6 35. Qxh5 Nxb2 36. e6 Qc7 37. Re1 Qe7 38. Nd2 Rc8 39. Qf3 Nc4 40. Ne4 Rd8 41.
Nc3 d2 42. Ra1 Ne5 43. Qd1 Qc7 44. Qb3 Qc4 45. e7 Rc8 46. Qb2 Kf7 47. Na2 Qc2
48. Qd4 Qd3 49. Qg1 Kxe7 50. Nb4 Qc4 51. Qa7+ Kf8 52. Rd1 Qc1 53. Qg1 Qxd1 0-1

[Event "Europa ch Femenino 2013"]
[Site "Belgrado SER"]
[Date "2013.07.26"]
[Round "4.10"]
[White "Majdan-Gajewska, Joanna"]
[Black "Dolzhikova, Olga"]
[Result "1-0"]
[WhiteElo "2375"]
[BlackElo "2244"]
[PlyCount "57"]
[EventDate "2013.07.23"]
[EventType "swiss"]
[EventRounds "11"]
[EventCountry "SER"]
[Source "lmi"]
[SourceDate "2013.07.22"]

1. e4 e5 2. Nf3 Nf6 3. Nxe5 d6 4. Nf3 Nxe4 5. d4 d5 6. Bd3 Bd6 7. O-O O-O 8. c4
c6 9. Qc2 f5 10. Nc3 Na6 11. a3 Be6 12. Qb3 Nc7 13. c5 Be7 14. Bf4 Bf7 15. Qxb7
Ne6 16. Be3 f4 17. Ne5 Bxc5 18. Nxe4 dxe4 19. Bc4 Bxd4 20. Nxf7 Qf6 21. Bxd4
Nxd4 22. Nd8+ Kh8 23. Qxa8 Rxd8 24. Qxa7 Nf3+ 25. gxf3 Qg5+ 26. Kh1 Qh5 27. Be2
exf3 28. Rg1 g5 29. Qe7 1-0

[Event "Europa ch Femenino 2013"]
[Site "Belgrado SER"]
[Date "2013.07.26"]
[Round "4.11"]
[White "Romanko, Marina"]
[Black "Makropoulou, Marina"]
[Result "1/2-1/2"]
[WhiteElo "2368"]
[BlackElo "2220"]
[PlyCount "129"]
[EventDate "2013.07.23"]
[EventType "swiss"]
[EventRounds "11"]
[EventCountry "SER"]
[Source "lmi"]
[SourceDate "2013.07.22"]

1. d4 Nf6 2. c4 e6 3. Nc3 Bb4 4. Qc2 O-O 5. a3 Bxc3+ 6. Qxc3 b6 7. Bg5 Bb7 8.
e3 d6 9. Ne2 Nbd7 10. Rd1 h6 11. Bh4 e5 12. f3 Re8 13. Bf2 a5 14. d5 b5 15. e4
bxc4 16. Ng3 Nb6 17. Bxb6 cxb6 18. Bxc4 Re7 19. Qd2 Rc7 20. Bd3 Nd7 21. O-O Nc5
22. Bc2 b5 23. b4 axb4 24. axb4 Na4 25. Bd3 Bc8 26. Rc1 Bd7 27. Rxc7 Qxc7 28.
Rc1 Qb7 29. h3 Rc8 30. Kh2 Rc7 31. f4 exf4 32. Qxf4 Nb2 33. Be2 Rxc1 34. Qxc1
Nc4 35. Bxc4 Qc7 36. Qe3 bxc4 37. Ne2 Qb8 38. Qc3 Qe8 39. Ng3 Qc8 40. Kg1 f6
41. Kf2 Qa6 42. Ne2 Kf7 43. Ke3 Qa2 44. Kf3 h5 45. Nc1 Qa6 46. Kg3 Kg8 47. Kh2
Qc8 48. Ne2 Qe8 49. Qd4 f5 50. Nc3 f4 51. Qxc4 Qe5 52. Qd3 f3+ 53. Kg1 Bxh3 54.
Qxf3 Qd4+ 55. Kh2 Bg4 56. Qg3 Qxb4 57. e5 dxe5 58. Qxe5 Qf8 59. d6 Qf6 60. Qe8+
Kh7 61. Qe4+ Kh8 62. Qe8+ Kh7 63. Qe4+ Kh8 64. Qe8+ Kh7 65. Qe4+ 1/2-1/2

[Event "Europa ch Femenino 2013"]
[Site "Belgrado SER"]
[Date "2013.07.26"]
[Round "4.12"]
[White "Manakova, Maria"]
[Black "Olsarova, Tereza"]
[Result "1/2-1/2"]
[WhiteElo "2351"]
[BlackElo "2203"]
[PlyCount "100"]
[EventDate "2013.07.23"]
[EventType "swiss"]
[EventRounds "11"]
[EventCountry "SER"]
[Source "lmi"]
[SourceDate "2013.07.22"]

1. e4 e5 2. Nf3 Nc6 3. d4 exd4 4. Nxd4 Nf6 5. Nxc6 bxc6 6. e5 Qe7 7. Qe2 Nd5 8.
c4 Ba6 9. b3 g5 10. g3 Bg7 11. Bb2 O-O-O 12. Nd2 Nb4 13. O-O-O Nxa2+ 14. Kb1
Nb4 15. Qe3 Bb7 16. Bg2 d5 17. Bh3+ Kb8 18. c5 h5 19. Qd4 a5 20. Bf5 g4 21.
Rhe1 Qg5 22. Bc2 Rhe8 23. Bc3 Re7 24. Nc4 Rde8 25. Nxa5 Nxc2 26. Kxc2 Ba8 27.
Qf4 Qg6+ 28. Kb2 Kc8 29. Ra1 Kd7 30. b4 f6 31. e6+ Rxe6 32. Rxe6 Rxe6 33. Nb3
Re2+ 34. Nd2 Bh6 35. Qd4 Qe4 36. Qxe4 dxe4 37. Kb3 Bxd2 38. Rd1 e3 39. fxe3
Rxh2 40. Rxd2+ Rxd2 41. Bxd2 Ke6 42. Kc4 Ke5 43. Bc3+ Kf5 44. e4+ Kxe4 45. Bxf6
Bb7 46. Bh4 Ba6+ 47. Kc3 Bb5 48. Bd8 Kf3 49. Bh4 Ke4 50. Bd8 Kf3 1/2-1/2